header

Baby sister / (Record no. 264208)

MARC details
000 -LEADER
fixed length control field 00586nam a22001937a 4500
003 - CONTROL NUMBER IDENTIFIER
control field OSt
005 - DATE AND TIME OF LATEST TRANSACTION
control field 20240806101531.0
008 - FIXED-LENGTH DATA ELEMENTS--GENERAL INFORMATION
fixed length control field 240806b xxu||||| |||| 00| 0 eng d
010 ## - LIBRARY OF CONGRESS CONTROL NUMBER
LC control number 84072866
020 ## - INTERNATIONAL STANDARD BOOK NUMBER
International Standard Book Number 0307602710 (lib.bdg)
International Standard Book Number 0307020002
040 ## - CATALOGING SOURCE
Transcribing agency DLC
050 ## - LIBRARY OF CONGRESS CALL NUMBER
Classification number PZ7
Item number .S11855 1986
100 ## - MAIN ENTRY--PERSONAL NAME
Personal name Sachs, Dorothea M.
245 ## - TITLE STATEMENT
Title Baby sister /
Statement of responsibility, etc by Dorothea M. Sachs ; illustrated by Joy Friedman.
260 ## - PUBLICATION, DISTRIBUTION, ETC. (IMPRINT)
Place of publication, distribution, etc New York :
-- Racine, Wis. :
Name of publisher, distributor, etc Golden Press ;
-- Western Pub. Co.,
Date of publication, distribution, etc c1986.
300 ## - PHYSICAL DESCRIPTION
Extent [24] p. :
Other physical details col. ill. ;
Dimensions 20 cm.
942 ## - ADDED ENTRY ELEMENTS (KOHA)
Source of classification or shelving scheme Library of Congress Classification
Koha item type Long Loan Books
Holdings
Withdrawn status Lost status Source of classification or shelving scheme Damaged status Not for loan Collection code Home library Current library Shelving location Date acquired Total Checkouts Full call number Barcode Date last seen Price effective from Koha item type
    Library of Congress Classification     Fiction Rongo University Library Rongo University Library Children's Area 06/08/2024   PZ7 .S11855 1986 CL20243611 06/08/2024 06/08/2024 Long Loan Books

© 2026 Rongo University
Contact us: librarian | system librarian | Rongo university